1644 1949 1515 1210 1575 1002 1555 1877 1729 1838 1330 1282 1648 1116 1026 1727 1012 1510 1712 1889 1536 1248 1741 1170 1389 1565 1320 1732 1175 1155 1702 1872 1557 1242 1102 1555 1022 1730 1929 1232 1909 1037 1644 1196 1617 1021 1233 1032 1275 1059 1407 1016 1418 1192 1647 1665 1221 1785 1471 1685 1332 1406 1600 1356 1715 1253 1030 1551 1016 1795 1167 1220 1162 1254 1985 1722 1646 1883 1568 1120 1655 1405 1643 1133 1699 1324 1388 1254 1548 1184 1448 1849 1034 1339 1971 1885 1833 1311 1245 BCNSPRNW ULIB Ver.6.0+V

เปลี่ยนเป็นภาษาไทย

Change to English
 แสดงรายละเอียดบรรณานุกรม
  กลับหน้าหลัก

Brief Record : Get Marc (ISO 2709) : E-mail record : QR code < ปิดหน้าต่าง
LEADER : 00000nam 2200000uu 4500
001    13399122810
003     ULIB
008    131003s2555||||th 000 0 tha d
020    ^a9786165169523
050  4 ^aDS520^bป546ร
100    ^aปานเสก อาทรธุระสุข
245    ^aเรื่องควรรู้สู่ประชาคมอาเซียน /^cปานเสก อาทรธุระสุข
260    ^aกรุงเทพฯ :^bเนชั่น เอ็ดดูเทนเมนท์,^c2555
300    ^a119 หน้า
650    ^aประชาคมอาเซียน
945    ^p110^l0^i034034
999    ^aกมลทิพย์ ธนสารสุธี
รายการนี้ยังไม่มีแท็ก
คุณยังไม่ได้ล็อกอิน คุณสามารถมีกิจกรรมร่วมกับเว็บไซต์ได้ แต่ต้องล็อกอินก่อน ::
  ล็อกอิน

รายการสื่อสารสนเทศ

ลำดับที่ ประเภท เลขเรียก/บาร์โค้ด สถานที่ สถานะ
1. การศึกษาทั่วไป
หนังสือสำรอง
สถานะ=หนังสือสำรอง
DS520 ป546ร ฉ.1 
  Barcode: 034034
ห้องสมุดวิทยาเขตสวรรค์ประชารักษ์
►หนังสือทั่วไป
บนชั้น

รายการใกล้เคียง
    ผู้แต่ง [ปานเสก อาทรธุระสุข]

    หัวเรื่อง [ประชาคมอาเซียน]

BibComment


ยังไม่เคยถูกคอมเมนท์

คอมเมนท์ทรัพยากรรายการนี้
  คอมเมนท์: เรื่องควรรู้สู่ป..


 Copyright 2026. Bcnsprnw @Library